Central Library and Information Centre
Sibsagar Girls' College, Sivasagar : Assam

WHITEMAN (Record no. 1430)

MARC details
000 -LEADER
fixed length control field 00430cam a2200181ua 4500
008 - FIXED-LENGTH DATA ELEMENTS--GENERAL INFORMATION
fixed length control field 160705n II |||gr||||Z||||||eng
040 ## - CATALOGING SOURCE
Original cataloging agency MAIN
041 ## - LANGUAGE CODE
-- English
082 ## - DEWEY DECIMAL CLASSIFICATION NUMBER
Classification number 824 RAY
100 ## - MAIN ENTRY--PERSONAL NAME
Personal name RAY, HARVEY PEARU.
245 ## - TITLE STATEMENT
Title WHITEMAN
260 ## - PUBLICATION, DISTRIBUTION, ETC.
Place of publication, distribution, etc. NEW DELHI
Name of publisher, distributor, etc. PRENTICE-HALL,INC
Date of publication, distribution, etc. 1962.
300 ## - PHYSICAL DESCRIPTION
Extent 181:
Dimensions 20CM.
700 ## - ADDED ENTRY--PERSONAL NAME
Personal name RAY, HARVEY PEARU.,
Relator term EDITOR.,
942 ## - ADDED ENTRY ELEMENTS (KOHA)
Koha item type Books
653 ## - INDEX TERM--UNCONTROLLED
Uncontrolled term English essays
Holdings
Withdrawn status Lost status Damaged status Not for loan Collection code Home library Current library Shelving location Date acquired Full call number Barcode Date last seen Copy number Price effective from Koha item type Public note
        REFENG Central Library and Information Centre Sibsagar Girls College Central Library and Information Centre Sibsagar Girls College ENGLISH BOOK RACK 07.04.1968 824 RAY 01618 27.02.2020 1 27.02.2020 Books V


Sibsagar Girl's College © 2020. All rights reserved.
Powered by Koha.
Maintained by Abhijit Borpuzari.